[Event "Ashmaster's Cup Standard Chess Over 1600 Section"]
[Site "SchemingMind.com"]
[Date "2005.06.21"]
[Round "-"]
[White "Gary"]
[Black "Kid A"]
[Result "0-1"]
[WhiteCountry "ENG"]
[BlackCountry "FIN"]
[WhiteElo "1626"]
[WhiteRD "64"]
[BlackElo "1788"]
[BlackRD "68"]
[GameID "18086"]

1. e4 e5 2. Nf3 Nc6 3. Bb5 a6 4. Ba4 Nf6 5. O-O b5 6. Bb3 Bb7 7. Re1 Be7 8. c3 O-O 9. d4 d6 10. Bg5 h6
11. Bh4 Re8 12. Nbd2 Qd7 13. Rc1 Na5 14. Bc2 c5 15. d5 Rac8 16. b3 Nh7 17. Bxe7 Qxe7 18. Qe2 Ng5 19. a4 f5 20. Nxg5 Qxg5
21. Nf3 Qf6 22. axb5 fxe4 23. Bxe4 Nxb3 24. Rb1 c4 25. b6 Qd8 26. Qe3 a5 27. Re2 Ba6 28. Ra2 Rb8 29. Bc2 Qxb6 30. Qxb6 Rxb6
31. Bxb3 Rxb3 32. Rc1 Rb5 33. Rd1 Bb7 34. Rda1 Ra8 35. Ra4 Bxd5 36. Nd2 Rc5 37. f3 Kf7 38. Kf2 Ke6 39. Ke3 h5 40. Ne4 Bxe4
41. fxe4 Rb8 42. R1a2 Rb3 43. Rc2 Kd7 44. h3 Kc6 45. Raa2 Kb5
0-1

[Event "Ashmaster's Cup Standard Chess Over 1600 Section"]
[Site "SchemingMind.com"]
[Date "2005.06.20"]
[Round "-"]
[White "bigfoot1"]
[Black "Kid A"]
[Result "1-0"]
[WhiteCountry "FRA"]
[BlackCountry "FIN"]
[WhiteElo "1782"]
[WhiteRD "75"]
[BlackElo "1709"]
[BlackRD "65"]
[GameID "18087"]

1. e4 e5 2. Nf3 Nc6 3. Bb5 a6 4. Ba4 Nf6 5. O-O b5 6. Bb3 Bb7 7. c3 Be7 8. Re1 O-O 9. d4 d6 10. Nbd2 Qd7
11. a3 exd4 12. cxd4 Na5 13. Bc2 c5 14. e5 dxe5 15. dxc5 Bxc5 16. b4 Bd4 17. Rb1 Nc6 18. Ne4 Nxe4 19. Bxe4 Rad8 20. Qb3 Rfe8
21. Bg5 Rc8 22. Rbd1 Qg4 23. h3 Qh5 24. Kh2 Bxf2 25. g4 Nd4 26. Rxd4 exd4 27. gxh5 Bxe4 28. Rf1 Rc3 29. Qb2 Rc2 30. Qxc2 Bxc2
31. Rxf2 d3 32. Bd2 Re2 33. Rxe2 dxe2 34. Kg1 Bd3 35. Kf2 f6 36. Nd4 Kf7 37. Nxe2 Bxe2 38. Kxe2 Ke6 39. Ke3 g6 40. hxg6 hxg6
41. Kd4 Kd6 42. h4 Kc6 43. Bf4 Kd7 44. Kc5
1-0

[Event "Ashmaster's Cup Standard Chess Over 1600 Section"]
[Site "SchemingMind.com"]
[Date "2005.07.03"]
[Round "-"]
[White "Gordon"]
[Black "Kid A"]
[Result "1-0"]
[WhiteCountry "ENG"]
[BlackCountry "FIN"]
[WhiteElo "2128"]
[WhiteRD "59"]
[BlackElo "1709"]
[BlackRD "65"]
[GameID "18088"]

1. e4 e5 2. f4 Nc6 3. Nf3 exf4 4. Bc4 d6 5. d4 Nf6 6. Nc3 Be7 7. Bxf4 Bg4 8. O-O O-O 9. Qd2 Na5 10. Bd3 Nc6
11. d5 Nb8 12. e5 dxe5 13. Nxe5 Bh5 14. Qe3 Nbd7 15. Qh3 Nxe5 16. Bxe5 Bg6 17. Bxg6 fxg6 18. Rad1 Bd6 19. Qe6+ Kh8 20. Bd4 Qe7
21. Nb5 Qxe6 22. dxe6 Rae8 23. Nxd6 cxd6 24. Rfe1 b6 25. Bxf6 Rxf6 26. Rxd6 Kg8 27. c4 Kf8 28. b4 Re7 29. c5 bxc5 30. bxc5 Ke8
31. Rc6 Rb7 32. Rc8+ Ke7 33. c6 Rb2 34. Rc7+ Ke8 35. Rb7 Rc2 36. c7
1-0

[Event "Ashmaster's Cup Standard Chess Over 1600 Section"]
[Site "SchemingMind.com"]
[Date "2005.06.20"]
[Round "-"]
[White "winkel"]
[Black "Kid A"]
[Result "1-0"]
[WhiteCountry "DEN"]
[BlackCountry "FIN"]
[WhiteElo "2061"]
[WhiteRD "88"]
[BlackElo "1725"]
[BlackRD "65"]
[GameID "18089"]

1. e4 e5 2. Nf3 Nc6 3. Bc4 Nf6 4. d3 Bc5 5. c3 Bb6 6. b4 d6 7. O-O O-O 8. a4 a6 9. Bg5 Re8 10. Qb3 Rf8
11. a5 Ba7 12. Nbd2 h6 13. Bh4 Qe7 14. h3 b5 15. axb6 Bxb6 16. Bd5 Bb7 17. Qc4 Nd8 18. Bxb7 Nxb7 19. Rxa6 Rxa6 20. Qxa6 Nd8
21. Nc4 Ne6 22. Nxb6 cxb6 23. Qxb6 Nf4 24. Ra1 Nxd3 25. Bxf6 Qxf6 26. Rd1 Nb2 27. Rxd6 Qf4 28. Nd2 Nd1 29. g3 Qg5 30. Qc7 Qh5
31. Rd8 Rxd8 32. Qxd8+ Kh7 33. Qd3 Qxh3 34. b5 Qc8 35. b6 Qc5 36. Qf3 Nxc3 37. Qf5+ Kg8 38. b7 Ne2+ 39. Kg2
1-0

[Event "Ashmaster's Cup Standard Chess Over 1600 Section"]
[Site "SchemingMind.com"]
[Date "2005.06.20"]
[Round "-"]
[White "Chess Tiger"]
[Black "Kid A"]
[Result "1-0"]
[WhiteCountry "GER"]
[BlackCountry "FIN"]
[WhiteElo "2154"]
[WhiteRD "103"]
[BlackElo "1703"]
[BlackRD "64"]
[GameID "18092"]

1. e4 e5 2. Nf3 Nf6 3. Nxe5 d6 4. Nf3 Nxe4 5. Nc3 Nxc3 6. dxc3 Nc6 7. Bf4 Be7 8. Qd2 Be6 9. O-O-O O-O 10. Kb1 a6
11. Bd3 b5 12. Be4 Bd7 13. Nd4 Qe8 14. Rhe1 Rb8 15. Bxc6 Bxc6 16. Nf5 Kh8 17. Rxe7 Qd8 18. Bh6
1-0

[Event "Ashmaster's Cup Standard Chess Over 1600 Section"]
[Site "SchemingMind.com"]
[Date "2005.06.20"]
[Round "-"]
[White "Nenad"]
[Black "Kid A"]
[Result "1-0"]
[WhiteCountry "SLO"]
[BlackCountry "FIN"]
[WhiteElo "1970"]
[WhiteRD "123"]
[BlackElo "1703"]
[BlackRD "64"]
[GameID "18093"]

1. d4 Nf6 2. c4 g6 3. Nc3 d5 4. Bf4 Bg7 5. e3 Bf5 6. Qb3 c6 7. Qxb7 Nbd7 8. Bc7 Qc8 9. Qxc6 O-O 10. cxd5 Ne8
11. Ba6 Qxc7 12. Qxa8 Nd6 13. Qc6
1-0

[Event "Ashmaster's Cup Standard Chess Over 1600 Section"]
[Site "SchemingMind.com"]
[Date "2005.06.20"]
[Round "-"]
[White "phildo"]
[Black "Kid A"]
[Result "1/2-1/2"]
[WhiteCountry "BDI"]
[BlackCountry "FIN"]
[WhiteElo "1714"]
[WhiteRD "92"]
[BlackElo "1703"]
[BlackRD "64"]
[GameID "18094"]

1. e4 c5 2. Nf3 d6 3. d4 cxd4 4. Nxd4 Nf6 5. Nc3 a6 6. Bg5 e6 7. f4 Be7 8. Qf3 Qc7 9. O-O-O Nbd7 10. g4 b5
11. Bxf6 Nxf6 12. g5 Nd7 13. h4 Bb7 14. Bh3 b4 15. Na4 Qa5 16. b3 Nc5 17. Nxc5 dxc5 18. Nxe6 fxe6 19. Bxe6 Qxa2 20. Rd3 Bc6
21. Bc4 a5 22. f5 Rd8 23. Rhd1 Qa1+ 24. Kd2 Qc3+ 25. Kc1 Qa1+=
1/2-1/2